Textbook of information science / (Record no. 63366)

MARC details
000 -LEADER
fixed length control field 00407nam a22001457a 4500
005 - DATE AND TIME OF LATEST TRANSACTION
control field 20120223144439.0
020 ## - INTERNATIONAL STANDARD BOOK NUMBER
International Standard Book Number 8176481637
Terms of availability 00.00
035 ## - SYSTEM CONTROL NUMBER
System control number A-991558
037 ## - SOURCE OF ACQUISITION
Stock number DPL
Source of stock number/acquisition ENG
100 ## - MAIN ENTRY--PERSONAL NAME
Personal name Kawatra, P. S.
245 ## - TITLE STATEMENT
Title Textbook of information science /
Statement of responsibility, etc by P. S. Kawatra
260 ## - PUBLICATION, DISTRIBUTION, ETC. (IMPRINT)
Place of publication, distribution, etc New Delhi
Name of publisher, distributor, etc A.P.H. Publishing Corporation
Date of publication, distribution, etc 2000
300 ## - PHYSICAL DESCRIPTION
Extent 323p.
Dimensions 18 cms.
942 ## - ADDED ENTRY ELEMENTS (KOHA)
Source of classification or shelving scheme Dewey Decimal Classification
Item type English Books
Classification part 020
Call number suffix KAW

No items available.


© Delhi Public Library
Hit Counter
free hit counter